| 000 | 00525nam a2200181 a 4500 | ||
|---|---|---|---|
| 005 | 20240925065123.0 | ||
| 008 | 991125s1966 ag 000 0 spa u | ||
| 035 | _aUPN01000032247 | ||
| 049 | _aCG | ||
| 050 | 4 |
_aHM251 _bB5.38 |
|
| 100 | 1 | _aBlondel, Charles | |
| 245 | 1 | 0 |
_aIntroducción a la psicología colectiva / _cCharles Blondel ; tr. Jean Puglisi. |
| 260 |
_aBuenos Aires : _bTroquel, _c1966. |
||
| 300 | _a220 p. | ||
| 440 | 0 | _aBiblioteca el tema del hombre | |
| 650 | 4 |
_aPsicología social _95889 |
|
| 905 | _aLibro | ||
| 999 |
_c32247 _d32247 |
||